<?xml version="1.0" encoding="UTF-8"?>
<record
    xmlns:xsi="http://www.w3.org/2001/XMLSchema-instance"
    xsi:schemaLocation="http://www.loc.gov/MARC21/slim http://www.loc.gov/standards/marcxml/schema/MARC21slim.xsd"
    xmlns="http://www.loc.gov/MARC21/slim">

  <leader>02855nam a22003377a 4500</leader>
  <controlfield tag="001">1721</controlfield>
  <controlfield tag="003">FISKH</controlfield>
  <controlfield tag="005">20231003161501.0</controlfield>
  <controlfield tag="008">230920b        cb ||||| |||| 00| 0 khr d</controlfield>
  <datafield tag="020" ind1=" " ind2=" ">
    <subfield code="a">9789924341673</subfield>
  </datafield>
  <datafield tag="040" ind1=" " ind2=" ">
    <subfield code="a">FISKH </subfield>
    <subfield code="b">eng</subfield>
    <subfield code="c">FISKH </subfield>
    <subfield code="d">FISKH </subfield>
  </datafield>
  <datafield tag="082" ind1=" " ind2=" ">
    <subfield code="a">902</subfield>
  </datafield>
  <datafield tag="100" ind1=" " ind2=" ">
    <subfield code="a">Yeong, Ye</subfield>
  </datafield>
  <datafield tag="245" ind1=" " ind2=" ">
    <subfield code="a">100 &#x17A0;&#x17C1;&#x178F;&#x17BB;&#x1780;&#x17B6;&#x179A;&#x178E;&#x17CD;&#x1793;&#x17C3;&#x1794;&#x17D2;&#x179A;&#x179C;&#x178F;&#x17D2;&#x178F;&#x17B7;&#x179F;&#x17B6;&#x179F;&#x17D2;&#x179A;&#x17D2;&#x178F;&#x1796;&#x17B7;&#x1797;&#x1796;&#x179B;&#x17C4;&#x1780; / </subfield>
    <subfield code="b">&#x1796;&#x17B8;&#x1794;&#x178A;&#x17B7;&#x179C;&#x178F;&#x17D2;&#x178F;&#x1793;&#x17CD;&#x17A7;&#x179F;&#x17D2;&#x179F;&#x17B6;&#x17A0;&#x1780;&#x1798;&#x17D2;&#x1798; &#x179A;&#x17A0;&#x17BC;&#x178F;&#x178A;&#x179B;&#x17CB;&#x1780;&#x17B6;&#x179A;&#x1798;&#x1780;&#x178A;&#x179B;&#x17CB;&#x1794;&#x17C9;&#x17BC;&#x179B;&#x1781;&#x17B6;&#x1784;&#x178F;&#x17D2;&#x1794;&#x17BC;&#x1784; :</subfield>
    <subfield code="c">&#x1793;&#x17B7;&#x1796;&#x1793;&#x17D2;&#x1792;&#x178A;&#x17C4;&#x1799; &#x1799;&#x17C1; &#x1799;&#x17C9;&#x1784;, &#x179F;&#x17CA;&#x17B8;&#x1793; &#x1787;&#x17C1;&#x17A0;&#x17D2;&#x179C;&#x17B6;&#x1793;&#x17CB; &#x1793;&#x17B7;&#x1784; &#x1786;&#x17B6;&#x1793;&#x17CB; &#x178A;&#x17BB;&#x1784;&#x17A0;&#x17BC; - &#x1782;&#x17BC;&#x179A;&#x179A;&#x17BC;&#x1794;&#x178A;&#x17C4;&#x1799; &#x179F;&#x17CA;&#x17B8;&#x1793; &#x1787;&#x17C1;&#x17A0;&#x17D2;&#x179C;&#x17B6;&#x1793;&#x17CB; &#x1793;&#x17B7;&#x1784; &#x1786;&#x1784;&#x17CB; &#x178A;&#x17BB;&#x17A0;&#x17BC; - &#x1794;&#x1780;&#x1794;&#x17D2;&#x179A;&#x17C2;&#x1796;&#x17B8;&#x1797;&#x17B6;&#x179F;&#x17B6;&#x1780;&#x17BC;&#x179A;&#x17C9;&#x17C1;&#x178A;&#x17C4;&#x1799; &#x1791;&#x17BC;&#x1785; &#x179C;&#x178E;&#x17D2;&#x178A;&#x17B6;</subfield>
  </datafield>
  <datafield tag="260" ind1=" " ind2=" ">
    <subfield code="a">Phnom Penh :</subfield>
    <subfield code="b">Sipar, </subfield>
    <subfield code="c">2022.</subfield>
  </datafield>
  <datafield tag="300" ind1=" " ind2=" ">
    <subfield code="a">109 pages : </subfield>
    <subfield code="b">color illustrations ; </subfield>
    <subfield code="c">23 cm</subfield>
  </datafield>
  <datafield tag="490" ind1=" " ind2=" ">
    <subfield code="a">&#x1781;&#x17D2;&#x1789;&#x17BB;&#x17C6;&#x1785;&#x1784;&#x17CB;&#x178A;&#x17B9;&#x1784;</subfield>
    <subfield code="v">5</subfield>
  </datafield>
  <datafield tag="505" ind1=" " ind2=" ">
    <subfield code="a">Z'
</subfield>
  </datafield>
  <datafield tag="520" ind1=" " ind2=" ">
    <subfield code="a">&#x1793;&#x17C5;&#x1780;&#x17D2;&#x1793;&#x17BB;&#x1784;&#x1795;&#x17D2;&#x1793;&#x17C2;&#x1780;&#x1791;&#x17B8; 5 &#x1793;&#x17C3;&#x1790;&#x17D2;&#x179B;&#x17BB;&#x1780;&#x1780;&#x17C6;&#x1794;&#x17D2;&#x179B;&#x17C2;&#x1784;&#x1793;&#x17C1;&#x17C7; &#x1798;&#x17B7;&#x178F;&#x17D2;&#x178F;&#x17A2;&#x17D2;&#x1793;&#x1780;&#x17A2;&#x17B6;&#x1793;&#x1793;&#x17B9;&#x1784;&#x1794;&#x17B6;&#x1793;&#x178A;&#x17B9;&#x1784;&#x17A2;&#x17C6;&#x1796;&#x17B8;&#x1796;&#x17D2;&#x179A;&#x17B9;&#x178F;&#x17D2;&#x178F;&#x17B7;&#x1780;&#x17B6;&#x179A;&#x178E;&#x17CD;&#x1794;&#x17D2;&#x179A;&#x179C;&#x178F;&#x17D2;&#x178F;&#x17B7;&#x179F;&#x17B6;&#x179F;&#x17D2;&#x178F;&#x17D2;&#x179A;&#x178A;&#x17C2;&#x179B;&#x1794;&#x17B6;&#x1793;&#x1780;&#x17BE;&#x178F;&#x17A1;&#x17BE;&#x1784;&#x1793;&#x17C5;&#x1780;&#x17D2;&#x1793;&#x17BB;&#x1784;&#x1794;&#x17D2;&#x179A;&#x1791;&#x17C1;&#x179F;&#x17A2;&#x17CA;&#x17BA;&#x179A;&#x17C9;&#x17BB;&#x1794; &#x1793;&#x17B7;&#x1784;&#x17A2;&#x17B6;&#x179F;&#x17CA;&#x17B8; &#x1785;&#x17B6;&#x1794;&#x17CB;&#x1796;&#x17B8;&#x1794;&#x178A;&#x17B7;&#x179C;&#x178F;&#x17D2;&#x178F;&#x1793;&#x17CD;&#x17A7;&#x179F;&#x17D2;&#x179F;&#x17B6;&#x17A0;&#x1780;&#x1798;&#x17D2;&#x1798;&#x179A;&#x17A0;&#x17BC;&#x178F;&#x178A;&#x179B;&#x17CB;&#x1780;&#x17B6;&#x179A;&#x1798;&#x1780;&#x178A;&#x179B;&#x17CB;&#x1793;&#x17C3;&#x1794;&#x17C9;&#x17BC;&#x179B;&#x1781;&#x17B6;&#x1784;&#x178F;&#x17D2;&#x1794;&#x17BC;&#x1784; &#x179A;&#x17BD;&#x1798;&#x1791;&#x17B6;&#x17C6;&#x1784;&#x1794;&#x178A;&#x17B7;&#x179C;&#x178F;&#x17D2;&#x178F;&#x1793;&#x17CD;&#x1794;&#x17B6;&#x179A;&#x17B6;&#x17C6;&#x1784; &#x179F;&#x1784;&#x17D2;&#x1782;&#x17D2;&#x179A;&#x17B6;&#x1798;&#x17A2;&#x17B6;&#x1797;&#x17C0;&#x1793; &#x179F;&#x1784;&#x17D2;&#x1782;&#x17D2;&#x179A;&#x17B6;&#x1798;&#x179F;&#x17CA;&#x17B8;&#x179C;&#x17B7;&#x179B; &#x17A0;&#x17D2;&#x1782;&#x17C1;&#x1798;&#x17A2;&#x17BC;&#x17A1;&#x17B6;&#x17C6;&#x1796;&#x17B7;&#x1785; &#x1793;&#x17B7;&#x1784;&#x1787;&#x17B6;&#x1785;&#x17D2;&#x179A;&#x17BE;&#x1793;&#x1791;&#x17C0;&#x178F;&#x17D4; &#x1796;&#x17D2;&#x179A;&#x17B9;&#x178F;&#x17D2;&#x178F;&#x17B7;&#x1780;&#x17B6;&#x179A;&#x178E;&#x17CD;&#x1785;&#x17B6;&#x1794;&#x17CB;&#x1795;&#x17D2;&#x178F;&#x17BE;&#x1798;&#x1796;&#x17B8;&#x1785;&#x17BB;&#x1784;&#x179F;&#x178F;&#x179C;&#x178F;&#x17D2;&#x179F;&#x1791;&#x17B8; 18 &#x178A;&#x179B;&#x17CB;&#x178A;&#x17BE;&#x1798;&#x179F;&#x178F;&#x179C;&#x178F;&#x17D2;&#x179F;&#x1791;&#x17B8; 20 &#x17D4;</subfield>
  </datafield>
  <datafield tag="520" ind1=" " ind2=" ">
    <subfield code="a">In this 5th part&#x200B; of the series, readers will know about historical events which took place in European and Asian countries, from the Industrial Revolution to the arrival at the South Pole, including the French Revolution, the Opium War, the Civil War, the Olympic games and many other events starting from the late 18th to the early 20th century.</subfield>
  </datafield>
  <datafield tag="521" ind1="8" ind2=" ">
    <subfield code="a">1060
</subfield>
    <subfield code="b">Lexile estimate
</subfield>
  </datafield>
  <datafield tag="521" ind1="8" ind2=" ">
    <subfield code="a">Z'
</subfield>
    <subfield code="b">Raz-Plus
</subfield>
  </datafield>
  <datafield tag="650" ind1=" " ind2=" ">
    <subfield code="a">&#x179F;&#x1784;&#x17D2;&#x179A;&#x17D2;&#x1782;&#x17B6;&#x1798;&#x179B;&#x17C4;&#x1780;</subfield>
    <subfield code="v">&#x1794;&#x178A;&#x17B7;&#x179C;&#x178F;&#x17D2;&#x178F;&#x1793;&#x17CD;</subfield>
    <subfield code="x">&#x1794;&#x17D2;&#x179A;&#x179C;&#x178F;&#x17D2;&#x178F;&#x17B7;&#x179F;&#x17B6;&#x179F;&#x17D2;&#x179A;&#x17D2;&#x178F;</subfield>
  </datafield>
  <datafield tag="650" ind1=" " ind2=" ">
    <subfield code="a">World war</subfield>
    <subfield code="v">Revolution</subfield>
    <subfield code="x">History</subfield>
  </datafield>
  <datafield tag="700" ind1=" " ind2=" ">
    <subfield code="a">Jae-hwan, shin </subfield>
    <subfield code="e">Author</subfield>
  </datafield>
  <datafield tag="700" ind1=" " ind2=" ">
    <subfield code="a">Dong-ho, Jeong</subfield>
    <subfield code="e">Author</subfield>
  </datafield>
  <datafield tag="700" ind1=" " ind2=" ">
    <subfield code="a">Jae-hwan, shin</subfield>
    <subfield code="e">illustrator</subfield>
  </datafield>
  <datafield tag="700" ind1=" " ind2=" ">
    <subfield code="a">Dong-ho, Jeong</subfield>
    <subfield code="e">illustrator</subfield>
  </datafield>
  <datafield tag="700" ind1=" " ind2=" ">
    <subfield code="a">Vanda, Touch</subfield>
    <subfield code="e">Translator </subfield>
  </datafield>
  <datafield tag="942" ind1=" " ind2=" ">
    <subfield code="2">ddc</subfield>
    <subfield code="c">KHB</subfield>
    <subfield code="n">0</subfield>
  </datafield>
  <datafield tag="999" ind1=" " ind2=" ">
    <subfield code="c">1721</subfield>
    <subfield code="d">1721</subfield>
  </datafield>
  <datafield tag="952" ind1=" " ind2=" ">
    <subfield code="0">0</subfield>
    <subfield code="1">0</subfield>
    <subfield code="2">ddc</subfield>
    <subfield code="4">0</subfield>
    <subfield code="7">0</subfield>
    <subfield code="8">KHMERNF</subfield>
    <subfield code="a">001</subfield>
    <subfield code="b">001</subfield>
    <subfield code="c">RHTK2</subfield>
    <subfield code="d">2023-09-20</subfield>
    <subfield code="l">0</subfield>
    <subfield code="o">YEO 902</subfield>
    <subfield code="p">2023-0671</subfield>
    <subfield code="r">2023-09-20 08:39:26</subfield>
    <subfield code="t">1</subfield>
    <subfield code="w">2023-09-20</subfield>
    <subfield code="y">KHB</subfield>
  </datafield>
  <datafield tag="952" ind1=" " ind2=" ">
    <subfield code="0">0</subfield>
    <subfield code="1">0</subfield>
    <subfield code="2">ddc</subfield>
    <subfield code="4">0</subfield>
    <subfield code="7">0</subfield>
    <subfield code="8">KHMERNF</subfield>
    <subfield code="a">001</subfield>
    <subfield code="b">001</subfield>
    <subfield code="c">RHTK2</subfield>
    <subfield code="d">2023-09-20</subfield>
    <subfield code="l">0</subfield>
    <subfield code="o">YEO 902</subfield>
    <subfield code="p">2023-0672</subfield>
    <subfield code="r">2023-09-20 08:39:34</subfield>
    <subfield code="t">2</subfield>
    <subfield code="w">2023-09-20</subfield>
    <subfield code="y">KHB</subfield>
  </datafield>
</record>
